Seafood enzymes: utilization and influence on postharvest seafood quality

Tallennettuna:
Bibliografiset tiedot
Päätekijät: Haard, Norman F (Tekijä), Simpson, Benjamin K (Tekijä)
Aineistotyyppi: Kirja
Kieli:englanti
Julkaistu: Nueva York Marcel Dekker 2000
Aiheet:
Tagit: Lisää tagi
Ei tageja, Lisää ensimmäinen tagi!

MARC

LEADER 00000nam a2200000 a 4500
001 UCN0134
003 CL-VaPUC
008 010316e20000000US |||||||||||||||||eng|d
082 0 4 |a 664  |b HAA  |2 21 
100 |a Haard, Norman F  |e author  |9 618732 
700 0 |a Simpson, Benjamin K  |e author  |9 455428 
245 1 0 |a Seafood enzymes: utilization and influence on postharvest seafood quality 
300 |a 681 p 
942 |c BK 
945 |d 20010316 00:00:00  |a cmena 
260 |a Nueva York  |b Marcel Dekker  |c 2000 
650 7 |a TECNOLOGIA DE ALIMENTOS  |2 CL-VaPUC  |9 455429 
650 0 |a Enzimas  |9 262984 
650 0 |a Control de calidad   |9 259714 
583 |a last modification  |c 20010316 00:00:00  |k Rodrigo Vera 
999 |c 294073  |d 294071 
952 |0 0  |1 0  |2 ddc  |4 0  |6 664_000000000000000_HAA_2000  |7 0  |8 A  |9 345920  |a BIBALI  |b BIBALI  |c GEN  |d 2019-11-20  |i 3692299  |o 664 HAA 2000  |p 3692299  |r 2025-01-20  |w 2019-11-20  |y BK  |k ALI